00189nam a2200073Ia 4500082000800000245002600008100004000034008004100074 aAND 0aFlowers in the attic  a ANDREWS, Virginia London, 1980 210817s9999 xx 000 0 und d